[Event "BAFDAG I"]
[Site "SchemingMind.com"]
[Date "2024.06.06"]
[Round "-"]
[White "Steven DuCharme"]
[Black "Kenny Elliott"]
[Result "1-0"]
[WhiteCountry "USA"]
[BlackCountry "USA"]
[WhiteElo "1551"]
[WhiteRD "53"]
[BlackElo "1448"]
[BlackRD "68"]
[GameID "745063"]

1. d4 d5 2. c4 c6 3. cxd5 cxd5 4. Nf3 Nc6 5. Nc3 Nf6 6. g3 g6 7. Bg2 Bg7 8. O-O O-O 9. e3 Bg4 10. h3 Bf5
11. Nh4 e5 12. Nxf5 gxf5 13. dxe5 Nxe5 14. f4 Ng6 15. Nxd5 Nxd5 16. Qxd5 Qb6 17. Qxb7 Rab8 18. Qxb6 Rxb6 19. Rb1 Rd8 20. b3 Rdd6
21. Ba3 Rd2 22. Rb2 Rd3 23. Re2 Re6 24. Bc5 a5 25. Rc1 Bc3 26. Rec2 Bb4 27. Bd4 Bd2 28. Rc8+ Nf8 29. Bc5 Bxe3+ 30. Kh2 Bxc1
31. Bxf8 Bxf4 32. Bh6+
1-0

[Event "BAFDAG I"]
[Site "SchemingMind.com"]
[Date "2024.06.07"]
[Round "-"]
[White "Kenny Elliott"]
[Black "Steven DuCharme"]
[Result "0-1"]
[WhiteCountry "USA"]
[BlackCountry "USA"]
[WhiteElo "1448"]
[WhiteRD "68"]
[BlackElo "1551"]
[BlackRD "53"]
[GameID "745064"]

1. d4 Nf6 2. Nc3 e6 3. Bg5 d5 4. Nf3 Be7 5. Bxf6 Bxf6 6. e3 O-O 7. Bd3 b6 8. O-O Bb7 9. a4 a5 10. Re1 Nd7
11. e4 dxe4 12. Bxe4 Bxe4 13. Nxe4 Be7 14. Ng3 c5 15. b3 Bf6 16. Rb1 cxd4 17. Nxd4 Bxd4 18. Qxd4 Nc5 19. Qe3 Rc8 20. Rbd1 Qc7
21. Rd2 h6 22. Red1 Rfd8 23. Ne4 Rxd2 24. Rxd2 Nxe4 25. Re2 Nf6 26. h3 Rd8 27. Re1 Nd5 28. Qc1 Qc3 29. Rd1 Rc8 30. Kh2 Qxc2
31. Qxc2 Rxc2
0-1

[Event "BAFDAG I"]
[Site "SchemingMind.com"]
[Date "2024.06.07"]
[Round "-"]
[White "Steven DuCharme"]
[Black "Derek Price"]
[Result "0-1"]
[WhiteCountry "USA"]
[BlackCountry "ENG"]
[WhiteElo "1551"]
[WhiteRD "53"]
[BlackElo "2412"]
[BlackRD "81"]
[GameID "745065"]

1. Nf3 Nf6 2. d4 e6 3. c3 b6 4. g3 Bb7 5. Bg2 d5 6. O-O Be7 7. Ne5 O-O 8. Bg5 Nbd7 9. f4 Ne4 10. Bxe7 Qxe7
11. Nxd7 Qxd7 12. Bxe4 dxe4 13. e3 Ba6 14. Rf2 Bd3 15. Nd2 Qd5 16. b3 c5 17. c4 Qd6 18. a4 cxd4 19. exd4 Qxd4 20. Kg2 Rad8
0-1

[Event "BAFDAG I"]
[Site "SchemingMind.com"]
[Date "2024.06.07"]
[Round "-"]
[White "Derek Price"]
[Black "Steven DuCharme"]
[Result "1-0"]
[WhiteCountry "ENG"]
[BlackCountry "USA"]
[WhiteElo "2422"]
[WhiteRD "66"]
[BlackElo "1571"]
[BlackRD "57"]
[GameID "745066"]

1. c4 e5 2. Nc3 Nf6 3. Nf3 Nc6 4. g3 d5 5. cxd5 Nxd5 6. Bg2 Be7 7. Nxe5 Nxe5 8. Nxd5 O-O 9. Nxe7+ Qxe7 10. O-O c6
11. Qc2 g6 12. d4 Nd7 13. b3 Re8 14. e4 Nf8 15. Bb2 Bd7 16. Qc3 f6 17. Rae1 b5 18. e5 f5 19. d5
1-0

[Event "BAFDAG I"]
[Site "SchemingMind.com"]
[Date "2024.06.06"]
[Round "-"]
[White "Steven DuCharme"]
[Black "Geoffrey Rosser"]
[Result "0-1"]
[WhiteCountry "USA"]
[BlackCountry "ENG"]
[WhiteElo "1551"]
[WhiteRD "53"]
[BlackElo "1894"]
[BlackRD "63"]
[GameID "745067"]

1. d4 Nf6 2. Nf3 g6 3. g3 Bg7 4. Bg2 O-O 5. O-O d5 6. b3 Nbd7 7. Bb2 Ne8 8. Nbd2 c5 9. e4 dxe4 10. Nxe4 f5
11. Neg5 Nb6 12. c3 h6 13. Nh3 c4 14. bxc4 Nxc4 15. Qb3 Be6 16. Nf4 Bf7 17. Qc2 Nxb2 18. Qxb2 Rb8 19. Rfe1 Nc7 20. Qa3 g5
21. Nd3 Nb5 22. Qxe7 Nxc3 23. Qxd8 Rbxd8 24. Nde5 Bxa2 25. Bf1 Bd5 26. Rxa7 f4 27. Ng6 Bxf3 28. Re7 Rf7 29. Rxf7 Kxf7 30. Bd3 Bxd4
0-1

[Event "BAFDAG I"]
[Site "SchemingMind.com"]
[Date "2024.06.05"]
[Round "-"]
[White "Geoffrey Rosser"]
[Black "Steven DuCharme"]
[Result "1-0"]
[WhiteCountry "ENG"]
[BlackCountry "USA"]
[WhiteElo "1894"]
[WhiteRD "63"]
[BlackElo "1551"]
[BlackRD "53"]
[GameID "745068"]

1. e4 c5 2. Nf3 Nc6 3. d4 cxd4 4. Nxd4 e6 5. Nc3 h6 6. Nxc6 bxc6 7. Bd3 g6 8. O-O Bg7 9. Bd2 Ne7 10. f4 a5
11. Rf3 Ba6 12. Qe2 Bd4+ 13. Kh1 Qb6 14. Na4 Bxd3 15. Qxd3 Qa7 16. c3 Bb6 17. Nxb6 Qxb6 18. b3 d5 19. exd5 Nxd5 20. Re1 O-O
21. Rxe6 fxe6 22. Qxg6+
1-0

[Event "BAFDAG I"]
[Site "SchemingMind.com"]
[Date "2024.06.06"]
[Round "-"]
[White "Steven DuCharme"]
[Black "Phillip Beckett"]
[Result "0-1"]
[WhiteCountry "USA"]
[BlackCountry "ENG"]
[WhiteElo "1551"]
[WhiteRD "53"]
[BlackElo "1529"]
[BlackRD "51"]
[GameID "745069"]

1. Nf3 Nf6 2. b3 g6 3. Bb2 Bg7 4. g3 O-O 5. Bg2 d6 6. d4 Nbd7 7. Nbd2 c6 8. O-O d5 9. c4 dxc4 10. Nxc4 Nb6
11. Qc2 Bf5 12. Qc3 Nxc4 13. bxc4 Ne4 14. Qc1 Nf6 15. Nd2 Qd7 16. e4 Be6 17. d5 cxd5 18. exd5 Bf5 19. Re1 Bh3 20. Nf3 Bxg2
21. Kxg2 Rfc8 22. a4 Nxd5 23. Bxg7 Kxg7 24. Qb2+ Nf6 25. Qb3 e6 26. Rad1 Qc7 27. Kg1 Qxc4 28. Qxc4 Rxc4 29. Ra1 Nd5 30. Rec1 Rac8
31. Rxc4 Rxc4 32. Nd2 Rc2 33. Nb3 Nc3 34. a5 Ra2 35. Rxa2 Nxa2 36. Nc5 b6 37. axb6 axb6 38. Nb3 Nb4 39. f3 Kf6 40. Kf2 Nd5
0-1

[Event "BAFDAG I"]
[Site "SchemingMind.com"]
[Date "2024.06.06"]
[Round "-"]
[White "Phillip Beckett"]
[Black "Steven DuCharme"]
[Result "1-0"]
[WhiteCountry "ENG"]
[BlackCountry "USA"]
[WhiteElo "1529"]
[WhiteRD "51"]
[BlackElo "1551"]
[BlackRD "53"]
[GameID "745070"]

1. e4 d6 2. d4 Nf6 3. Nc3 Nbd7 4. Nf3 h6 5. Bc4 e6 6. O-O Be7 7. e5 Nh7 8. exd6 Bxd6 9. Re1 O-O 10. d5 Nb6
11. Bb3 exd5 12. Nxd5 Nxd5 13. Bxd5 c6 14. Be4 f5 15. Bd3 Kh8 16. Be3 f4 17. Bd2 Bg4 18. h3 Bf5 19. Bxf5 Rxf5 20. Bc3 Rd5
21. Qe2 Ng5 22. Nxg5 Rxg5 23. Rad1 Qc7 24. Qd3 Bf8 25. Qc4 b5 26. Qd3 b4 27. Bd4 c5 28. Qc4 a5 29. f3 Rc8 30. Bf2 Rf5
31. Qe6 Rf6 32. Qe5 Qxe5 33. Rxe5 Bd6 34. Red5 g5 35. Rxd6
1-0

[Event "BAFDAG I"]
[Site "SchemingMind.com"]
[Date "2024.06.06"]
[Round "-"]
[White "Steven DuCharme"]
[Black "abuteague"]
[Result "1/2-1/2"]
[WhiteCountry "USA"]
[BlackCountry "USA"]
[WhiteElo "1571"]
[WhiteRD "57"]
[BlackElo "1621"]
[BlackRD "91"]
[GameID "745071"]

1. e4 d6 2. Nf3 Nf6 3. Nc3 c6 4. d4 Qa5 5. Bd2 e5 6. dxe5 dxe5 7. Be2 Qc7 8. O-O Be7 9. h3 O-O 10. a3 Rd8
11. Qc1 Be6 12. b3 Nbd7 13. Bg5 h6 14. Be3 Bc5 15. Rd1 Bxe3 16. Qxe3 Qb6 17. Qxb6 axb6 18. Na4 Nxe4 19. Rxd7 Bxd7 20. Nxb6 Rab8
21. Nxe5 Be6 22. c4 Nd2 23. Bd1 g6 24. Ra2 Nxc4 25. bxc4 Rxd1+ 26. Kh2 Kg7 27. f4 Rb1 28. Na4 Rc8 29. Rc2 Re1 30. Nc5 Bf5
31. Rb2 Re3 32. Rxb7 Rxe5 33. fxe5 Bc2 34. Ne6+ Kg8 35. Nd4 Be4 36. g4 Ra8 37. Rb3 Ra4 38. Re3 Bb1 39. Nxc6 Rxc4 40. Nb4 Rc1
41. e6 fxe6 42. Rxe6 Kf7 43. Rc6 Rxc6 44. Nxc6 Bc2 45. Kg3 Kf6 46. Nd4 Ba4 47. Kf4 g5+ 48. Ke4 Kg7 49. Kd3 Bd7 50. Nf3 Bc6
51. Ne1 Kf6 52. Kd4= Ke6 53. Kc5 Ba4 54. Nd3 Bc2 55. Ne1 Bd1 56. Kb4 Be2 57. Kc3 Bf1 58. Nf3 Bxh3 59. Nh2 Kd5 60. Kd3=
1/2-1/2

[Event "BAFDAG I"]
[Site "SchemingMind.com"]
[Date "2024.06.06"]
[Round "-"]
[White "abuteague"]
[Black "Steven DuCharme"]
[Result "1-0"]
[WhiteCountry "USA"]
[BlackCountry "USA"]
[WhiteElo "1581"]
[WhiteRD "97"]
[BlackElo "1551"]
[BlackRD "53"]
[GameID "745072"]

1. d4 d5 2. c4 e6 3. Nc3 Bb4 4. a3 Bxc3+ 5. bxc3 Ne7 6. Bg5 h6 7. Bxe7 Qxe7 8. e3 O-O 9. Nf3 Nc6 10. Bd3 Bd7
11. O-O g6 12. cxd5 exd5 13. Qc2 f5 14. Rfb1 b6 15. g3 a5 16. a4 Qd6 17. Bb5 Rfe8 18. Bxc6 Bxc6 19. c4 dxc4 20. Qxc4+ Bd5
21. Qe2 Qc6 22. Ne1 h5 23. Qb5 Qxb5 24. Rxb5 Bc4 25. Rbb1 g5 26. Rc1 Bd5 27. Rxc7 Rac8 28. Rxc8 Rxc8 29. Nd3 Rc3 30. Ne5 Bb3
31. Nd7 Rc6 32. Kg2 Bd5+ 33. Kf1 g4 34. Rb1 Kg7 35. Nxb6 Kg6 36. Nd7 Kg5 37. Ne5 h4 38. gxh4+ Kxh4 39. Nxc6
1-0

[Event "BAFDAG I"]
[Site "SchemingMind.com"]
[Date "2024.06.06"]
[Round "-"]
[White "Steven DuCharme"]
[Black "JAHI"]
[Result "1/2-1/2"]
[WhiteCountry "USA"]
[BlackCountry "INT"]
[WhiteElo "1520"]
[WhiteRD "54"]
[BlackElo "2143"]
[BlackRD "78"]
[GameID "745073"]

1. Nf3 c6 2. c4 c5 3. Nc3 Nc6 4. d4 d6 5. dxc5 dxc5 6. Qxd8+ Nxd8 7. g3 Ne6 8. Bg2 Nf6 9. O-O g6 10. Rd1 Bg7
11. Ng5 Nd4 12. e3 Nc6 13. Nb5 Bg4=
1/2-1/2

[Event "BAFDAG I"]
[Site "SchemingMind.com"]
[Date "2024.06.06"]
[Round "-"]
[White "JAHI"]
[Black "Steven DuCharme"]
[Result "1-0"]
[WhiteCountry "INT"]
[BlackCountry "USA"]
[WhiteElo "2163"]
[WhiteRD "75"]
[BlackElo "1551"]
[BlackRD "53"]
[GameID "745074"]

1. d3 Nf6 2. d4 g6 3. h3 Bg7 4. h4 h5 5. c3 O-O 6. Na3 d5 7. g3 Nbd7 8. Bh3 b6 9. Kf1 Re8 10. Nc2 e5
11. Bg5 e4 12. Qd2 Ba6 13. g4 Nf8 14. gxh5 Ne6 15. hxg6 fxg6 16. Nb4 Bb7 17. h5 Nxg5 18. Qxg5 Nxh5 19. Qxg6 Nf4 20. Qg3 a5
21. Qxf4 axb4 22. Bf5 Qf6 23. Rh5 Re7 24. Bh7+ Kh8 25. Bxe4+ Kg8 26. Bh7+ Kh8 27. Qg4 Rf8 28. Nf3
1-0

[Event "BAFDAG I"]
[Site "SchemingMind.com"]
[Date "2024.06.06"]
[Round "-"]
[White "Steven DuCharme"]
[Black "splinter"]
[Result "1-0"]
[WhiteCountry "USA"]
[BlackCountry "CAN"]
[WhiteElo "1571"]
[WhiteRD "57"]
[BlackElo "1824"]
[BlackRD "82"]
[GameID "745075"]

1. Nf3 b6 2. g3 Bb7 3. Bg2 Nf6 4. O-O g6 5. b3 Bg7 6. Bb2 O-O 7. d3 d6 8. Nbd2 Nbd7 9. e4 e5 10. a4 a5
11. Re1 c6 12. Nc4 Qc7 13. c3 b5 14. axb5 cxb5 15. Ne3 Rfd8 16. Nd2 Nb6 17. d4 exd4 18. cxd4 a4 19. d5 Re8 20. Rc1 Qd7
21. h3 axb3 22. Nxb3 Nxe4 23. Bxg7
1-0

[Event "BAFDAG I"]
[Site "SchemingMind.com"]
[Date "2024.06.07"]
[Round "-"]
[White "splinter"]
[Black "Steven DuCharme"]
[Result "1-0"]
[WhiteCountry "CAN"]
[BlackCountry "USA"]
[WhiteElo "1824"]
[WhiteRD "82"]
[BlackElo "1571"]
[BlackRD "57"]
[GameID "745076"]

1. c4 b6 2. Nf3 Bb7 3. Nc3 Nf6 4. d4 e6 5. Bg5 Be7 6. Bxf6 Bxf6 7. e4 O-O 8. Bd3 d6 9. O-O Nd7 10. Qc2 c5
11. e5 Be7 12. exd6 Bxd6 13. Bxh7+ Kh8 14. Be4 Bxe4 15. Nxe4 Bf4 16. dxc5 Nxc5 17. Nxc5 bxc5 18. Rad1 Qe7 19. Rd3 Rfd8 20. Rfd1 g6
21. g3 Bh6 22. Ne5 Rxd3 23. Rxd3 Rc8 24. Rd7
1-0

[Event "BAFDAG I"]
[Site "SchemingMind.com"]
[Date "2024.06.06"]
[Round "-"]
[White "Steven DuCharme"]
[Black "eliecercruzr"]
[Result "0-1"]
[WhiteCountry "USA"]
[BlackCountry "CUB"]
[WhiteElo "1520"]
[WhiteRD "54"]
[BlackElo "2437"]
[BlackRD "63"]
[GameID "745077"]

1. b3 e5 2. Bb2 Nc6 3. g3 d5 4. Bg2 h5 5. h4 Bg4 6. Bh3 Nf6 7. Nf3 Bxh3 8. Rxh3 e4 9. Ne5 Nxe5 10. Bxe5 Qd7
11. Rh1 Ng4 12. Bf4 d4 13. f3 Nf6 14. e3 O-O-O 15. exd4 Qxd4 16. Nc3 Bc5
0-1

[Event "BAFDAG I"]
[Site "SchemingMind.com"]
[Date "2024.06.07"]
[Round "-"]
[White "eliecercruzr"]
[Black "Steven DuCharme"]
[Result "1-0"]
[WhiteCountry "CUB"]
[BlackCountry "USA"]
[WhiteElo "2437"]
[WhiteRD "63"]
[BlackElo "1520"]
[BlackRD "54"]
[GameID "745078"]

1. e4 e6 2. d4 d5 3. e5 c5 4. c3 cxd4 5. cxd4 Bb4+ 6. Nc3 Bd7 7. Bd3 g6 8. Nf3 Ne7 9. Bg5 O-O 10. a3 Bxc3+
11. bxc3 Nbc6 12. h4 h5 13. Qd2 Qe8 14. Bf6 Kh7 15. g4
1-0

[Event "BAFDAG I"]
[Site "SchemingMind.com"]
[Date "2024.06.07"]
[Round "-"]
[White "Kenny Elliott"]
[Black "Derek Price"]
[Result "0-1"]
[WhiteCountry "USA"]
[BlackCountry "ENG"]
[WhiteElo "1414"]
[WhiteRD "71"]
[BlackElo "2422"]
[BlackRD "66"]
[GameID "745079"]

1. d4 d5 2. c4 c6 3. Nc3 Nf6 4. e3 e6 5. c5 Nbd7 6. Bd3 b6 7. b4 a5 8. Qa4 Bb7 9. Ba3 axb4 10. Qxb4 Nxc5
11. dxc5 Bxc5 12. Qf4 Rxa3 13. Nge2 O-O 14. O-O b5 15. Bxb5 cxb5 16. Nxb5 Ra5 17. Nbc3 Bd6 18. Qh4 Ba6 19. Rfb1 Rc5 20. a4 Rc4
21. f4 Bc5 22. Qe1 Bxe3+ 23. Kh1 d4 24. Nb5 d3 25. Ng3 Ng4 26. Ra2 d2 27. Rd1 dxe1=Q+ 28. Rxe1 Qa5
0-1

[Event "BAFDAG I"]
[Site "SchemingMind.com"]
[Date "2024.06.07"]
[Round "-"]
[White "Derek Price"]
[Black "Kenny Elliott"]
[Result "1-0"]
[WhiteCountry "ENG"]
[BlackCountry "USA"]
[WhiteElo "2422"]
[WhiteRD "66"]
[BlackElo "1414"]
[BlackRD "71"]
[GameID "745080"]

1. c4 c5 2. Nf3 Nf6 3. Nc3 g6 4. d4 Bg7 5. e3 O-O 6. Be2 d6 7. O-O Nc6 8. d5 Nb4 9. a3 Na6 10. e4 e5
11. dxe6 Bxe6 12. Bf4 Qe8 13. Bxd6 Rd8 14. e5 Nd7 15. Qb3 Bxe5 16. Nxe5 Nxe5 17. Bxe5 Bf5 18. Bg3 b6 19. Rfe1 Qc6 20. Nd5 Qb7
21. Qc3 Rxd5 22. cxd5 Qxd5 23. Bxa6
1-0

[Event "BAFDAG I"]
[Site "SchemingMind.com"]
[Date "2024.06.06"]
[Round "-"]
[White "Kenny Elliott"]
[Black "Geoffrey Rosser"]
[Result "0-1"]
[WhiteCountry "USA"]
[BlackCountry "ENG"]
[WhiteElo "1448"]
[WhiteRD "68"]
[BlackElo "1894"]
[BlackRD "63"]
[GameID "745081"]

1. d4 Nf6 2. c4 g6 3. Nc3 d5 4. Bf4 Bg7 5. Nf3 O-O 6. e3 c6 7. Be2 dxc4 8. Bxc4 b5 9. Bb3 Nbd7 10. O-O a5
11. a4 b4 12. Ne2 Bb7 13. Ng3 Nb6 14. Ne5 Nbd5 15. Bxd5 Nxd5 16. Nd3 Nxf4 17. Nxf4 c5 18. Rb1 cxd4 19. exd4 Bxd4 20. Qb3 Bg7
21. Rbd1 Qc7 22. Nd5 Bxd5 23. Rxd5 Rfd8 24. Rfd1 Rxd5 25. Qxd5 Rc8 26. b3 e6 27. Qf3 Qc3 28. Qb7 Rf8 29. Qb6 Qxb3 30. Rd8 Qxa4
31. Rxf8+ Bxf8 32. h3 b3 33. Ne2 Qa1+ 34. Kh2 b2 35. Nc3 a4
0-1

[Event "BAFDAG I"]
[Site "SchemingMind.com"]
[Date "2024.06.06"]
[Round "-"]
[White "Geoffrey Rosser"]
[Black "Kenny Elliott"]
[Result "1-0"]
[WhiteCountry "ENG"]
[BlackCountry "USA"]
[WhiteElo "1894"]
[WhiteRD "63"]
[BlackElo "1448"]
[BlackRD "68"]
[GameID "745082"]

1. e4 c5 2. Nc3 d6 3. f4 Nc6 4. Nf3 Bg4 5. Be2 Bxf3 6. Bxf3 e5 7. O-O Nf6 8. Ne2 Qb6 9. f5 O-O-O 10. Nc3 Nd4
11. d3 g6 12. Bg4 Kb8 13. fxg6 hxg6 14. Rxf6 Bh6 15. Nd5 Qb5 16. Bxh6 Rxh6 17. Rxf7 Rdh8 18. h3 R6h7 19. Rxh7 Rxh7 20. c3 Nc6
21. Qf3 a5 22. b3 c4 23. dxc4 Qc5+ 24. Qf2 Qxf2+ 25. Kxf2 Rf7+ 26. Ke2 Ne7 27. Be6 Rg7 28. Rf1 Nxd5 29. Rf8+ Ka7 30. cxd5 Kb6
31. Rf7 Rxf7 32. Bxf7
1-0

[Event "BAFDAG I"]
[Site "SchemingMind.com"]
[Date "2024.06.06"]
[Round "-"]
[White "Kenny Elliott"]
[Black "Phillip Beckett"]
[Result "0-1"]
[WhiteCountry "USA"]
[BlackCountry "ENG"]
[WhiteElo "1448"]
[WhiteRD "68"]
[BlackElo "1529"]
[BlackRD "51"]
[GameID "745083"]

1. d4 d5 2. Nf3 Nf6 3. Bg5 e6 4. Nc3 Be7 5. Bxf6 Bxf6 6. e3 O-O 7. Bd3 Nd7 8. O-O c5 9. e4 cxd4 10. Nb5 dxe4
11. Bxe4 Nc5 12. Nbxd4 Nxe4 13. c3 Bxd4 14. cxd4 Bd7 15. Re1 Bc6 16. Ne5 Qd5 17. Nxc6 Qxc6 18. Rc1 Qd5 19. Qd3 Nf6 20. h3 Rfd8
21. Qe2 Rac8 22. Rxc8 Rxc8 23. b3 Qxd4 24. Qb5 Qd5 25. Qe2 Qc6 26. a4 Qc2 27. Qb5 Qc6 28. Qd3 Qc3 29. Qb1 Nd5 30. Re4 Qc1+
31. Qxc1 Rxc1+ 32. Kh2 Kf8
0-1

[Event "BAFDAG I"]
[Site "SchemingMind.com"]
[Date "2024.06.06"]
[Round "-"]
[White "Phillip Beckett"]
[Black "Kenny Elliott"]
[Result "1-0"]
[WhiteCountry "ENG"]
[BlackCountry "USA"]
[WhiteElo "1472"]
[WhiteRD "55"]
[BlackElo "1507"]
[BlackRD "77"]
[GameID "745084"]

1. d4 d5 2. e3 Nf6 3. Bd3 e6 4. Nd2 Nc6 5. c3 Bd6 6. f4 O-O 7. Ngf3 Ng4 8. Qe2 Qf6 9. O-O Qh6 10. h3 Nxe3
11. Qxe3 Bxf4 12. Qe2 e5 13. dxe5 Qe6 14. Nb3 Bxc1 15. Raxc1 Nxe5 16. Qxe5 Qb6+ 17. Kh1 Be6 18. Ng5 Rae8 19. Nxe6 fxe6 20. Qh5 Rxf1+
21. Rxf1 Rf8 22. Qxh7#
1-0

[Event "BAFDAG I"]
[Site "SchemingMind.com"]
[Date "2024.06.06"]
[Round "-"]
[White "Kenny Elliott"]
[Black "abuteague"]
[Result "0-1"]
[WhiteCountry "USA"]
[BlackCountry "USA"]
[WhiteElo "1414"]
[WhiteRD "71"]
[BlackElo "1621"]
[BlackRD "91"]
[GameID "745085"]

1. d4 d6 2. Nc3 Nf6 3. e4 c6 4. Nf3 Qa5 5. Be2 Nxe4 6. Bd2 Nxd2 7. Qxd2 g6 8. O-O Bg7 9. Qe3 e6 10. Ne4 Qc7
11. Qa3 O-O 12. Nxd6 Rd8 13. Nc4 Bxd4 14. Nxd4 Rxd4 15. Qe3 Rd8 16. Rad1 Na6 17. Rxd8+ Qxd8 18. Rd1 Qe7 19. Nd6 Nb4 20. Qh6 Nd5
21. Ne4 f5 22. Ng5 Nf6 23. Re1 Qg7 24. Qxg7+ Kxg7 25. Bc4 Nd5 26. Nxe6+ Bxe6 27. Rxe6 b5 28. Bb3 Rd8 29. h3 Nf4 30. Rxc6 Ra8
31. Rc5 a6 32. Kf1 h6 33. Rc7+ Kf6 34. Rc6+ Kg7 35. Rc7+ Kf6 36. Rc6+ Kg7 37. Rc7+ Kf6 38. Rc6+ Kg7 39. Rc7+ Kf6 40. Rc6+ Kg7
41. Rc7+ Kf6 42. Rc6+ Kg7 43. Rc7+ Kf6 44. Rc6+ Kg5 45. Be6 Rd8 46. f3 Rd1+ 47. Kf2 Rd2+ 48. Kg3 Rxg2#
0-1

[Event "BAFDAG I"]
[Site "SchemingMind.com"]
[Date "2024.06.06"]
[Round "-"]
[White "abuteague"]
[Black "Kenny Elliott"]
[Result "1-0"]
[WhiteCountry "USA"]
[BlackCountry "USA"]
[WhiteElo "1621"]
[WhiteRD "91"]
[BlackElo "1414"]
[BlackRD "71"]
[GameID "745086"]

1. d4 d5 2. c4 c6 3. Nf3 Bg4 4. Ne5 Bf5 5. Nc3 Nd7 6. Nxd7 Qxd7 7. Bf4 Nf6 8. e3 e6 9. Bd3 Bb4 10. Bxf5 Bxc3+
11. bxc3 exf5 12. O-O O-O 13. c5 Qd8 14. Rb1 b6 15. cxb6 axb6 16. a4 Ra5 17. Qb3 Ra6 18. c4 Ne4 19. Rfd1 Qh4 20. Rb2 Qh5
21. Rbb1 Nf6 22. cxd5 cxd5 23. Qb5 Raa8 24. Qxb6 Rxa4 25. h3 Raa8 26. Be5 Nd7 27. Qd6 Nxe5 28. Qxe5 Qe2 29. Qxd5 Ra2 30. Qxf5 Rd2
31. Rxd2 Qxd2 32. Rf1 h6 33. d5 Rd8 34. e4 g6 35. Qf6 Re8 36. f3 Qe3+ 37. Kh1 Qe2 38. Rg1 Qd3 39. Qf4 Kh7 40. Qxf7+
1-0

[Event "BAFDAG I"]
[Site "SchemingMind.com"]
[Date "2024.06.06"]
[Round "-"]
[White "Kenny Elliott"]
[Black "JAHI"]
[Result "0-1"]
[WhiteCountry "USA"]
[BlackCountry "INT"]
[WhiteElo "1448"]
[WhiteRD "68"]
[BlackElo "2163"]
[BlackRD "75"]
[GameID "745087"]

1. d4 c6 2. e4 Na6 3. Bxa6 Qa5+ 4. Nc3 Qxa6 5. Nf3 d6 6. Bf4 Bg4 7. h3 Bxf3 8. Qxf3 e6 9. a3 d5 10. O-O-O Nf6
11. Be5 Nd7 12. Qh5 Nxe5 13. Qxe5 Rd8 14. exd5 cxd5 15. f4 Qd6 16. Qe3 Be7 17. g3 a6 18. g4 Rd7 19. f5 h6 20. fxe6 Bg5
21. exd7+ Kxd7 22. Qxg5 hxg5 23. Rhf1 f6 24. Rh1 Qg3 25. Nxd5 Rxh3 26. Rxh3 Qxh3 27. Nb6+ Ke8 28. d5 Qe3+
0-1

[Event "BAFDAG I"]
[Site "SchemingMind.com"]
[Date "2024.06.06"]
[Round "-"]
[White "JAHI"]
[Black "Kenny Elliott"]
[Result "1-0"]
[WhiteCountry "INT"]
[BlackCountry "USA"]
[WhiteElo "2163"]
[WhiteRD "75"]
[BlackElo "1448"]
[BlackRD "68"]
[GameID "745088"]

1. d3 Nf6 2. d4 d5 3. g3 Bf5 4. Bh3 Bxh3 5. Nxh3 e6 6. Bg5 Be7 7. Kf1 Qd7 8. Kg2 O-O 9. Nd2 Qc6 10. e3 Nbd7
11. c3 e5 12. Nf3 e4 13. Ne5 Qe6 14. Nf4 Qd6 15. c4 Nxe5 16. c5 Qd7 17. dxe5 Qf5 18. exf6 Bxf6 19. Bxf6 Qxf6 20. Nxd5 Qe5
21. Qb3 Rfd8 22. Rhd1 Rac8 23. Qxb7 Rb8 24. Qxc7 Qxb2 25. Ne7+ Kh8 26. Rxd8+ Rxd8 27. Qxd8#
1-0

[Event "BAFDAG I"]
[Site "SchemingMind.com"]
[Date "2024.06.06"]
[Round "-"]
[White "Kenny Elliott"]
[Black "splinter"]
[Result "0-1"]
[WhiteCountry "USA"]
[BlackCountry "CAN"]
[WhiteElo "1495"]
[WhiteRD "71"]
[BlackElo "1835"]
[BlackRD "86"]
[GameID "745089"]

1. d4 d6 2. Nc3 g6 3. e4 Bg7 4. Nf3 Nd7 5. Bc4 Nb6 6. O-O Nxc4 7. Qd3 Nb6 8. Be3 f5 9. exf5 Bxf5 10. Qb5+ Qd7
11. Qe2 Bg4 12. h3 Bxf3 13. Qxf3 O-O-O 14. Rab1 Nc4 15. Qf7 Nxe3 16. Qxg7 Nxf1 17. Qxh8 Nf6 18. Qg7 Nd2 19. Re1 Re8 20. Qh6 Nc4
21. Qg5 Nxb2 22. Nd5 Nxd5 23. Qxd5 Na4 24. Qa5 Kb8 25. c4 Nb6 26. c5 dxc5 27. dxc5 Nd5 28. Rb1 c6 29. Qa3 e5 30. Qb3 Rf8
31. a4 Rf4 32. a5 a6 33. Qb2 Qc7 34. Qe2 Nc3
0-1

[Event "BAFDAG I"]
[Site "SchemingMind.com"]
[Date "2024.06.06"]
[Round "-"]
[White "splinter"]
[Black "Kenny Elliott"]
[Result "1-0"]
[WhiteCountry "CAN"]
[BlackCountry "USA"]
[WhiteElo "1835"]
[WhiteRD "86"]
[BlackElo "1495"]
[BlackRD "71"]
[GameID "745090"]

1. c4 c5 2. Nf3 Nf6 3. g3 g6 4. Bg2 Bg7 5. O-O O-O 6. Nc3 Nc6 7. a3 d5 8. cxd5 Nxd5 9. Qb3 Nb6 10. d3 Be6
11. Qc2 Rb8 12. Bf4 Rc8 13. Rac1 Nd7 14. Ng5 Nd4 15. Qd1 Qb6 16. Nxe6 Nxe6 17. Nd5 Qxb2 18. Nxe7+ Kh8 19. Nxc8 Rxc8 20. a4 Nxf4
21. gxf4 Qf6 22. Bxb7 Rb8 23. Bf3 Qxf4 24. Rc4 Qg5+ 25. Rg4 Qf6 26. Kh1 Ne5 27. Rg3 Nxf3 28. Rxf3 Qc6 29. Rg1 Rb4 30. e4 Rxa4
31. Rxf7 Qe6 32. Rxg7 Kxg7 33. Qxa4
1-0

[Event "BAFDAG I"]
[Site "SchemingMind.com"]
[Date "2024.06.06"]
[Round "-"]
[White "Kenny Elliott"]
[Black "eliecercruzr"]
[Result "0-1"]
[WhiteCountry "USA"]
[BlackCountry "CUB"]
[WhiteElo "1448"]
[WhiteRD "68"]
[BlackElo "2429"]
[BlackRD "66"]
[GameID "745091"]

1. d4 Nf6 2. c4 e6 3. Nc3 Bb4 4. Bd2 O-O 5. Qb3 c5 6. a3 Bxc3 7. Bxc3 cxd4 8. Bxd4 Nc6 9. e3 Nxd4 10. exd4 b6
11. Nf3 d5 12. Bd3 dxc4 13. Bxc4 Bb7 14. O-O Bxf3 15. Qxf3 Qxd4 16. b3 Ne4 17. Rad1 Nd2 18. Rxd2 Qxd2 19. a4 Rad8 20. h3 Qd6
21. Kh1 Qc5 22. Rd1 Rxd1+ 23. Qxd1 Qxf2 24. Qd7 Qe1+ 25. Kh2 Qe5+ 26. Kh1 Qb8 27. Kg1 Rd8 28. Qb5 Rd1+ 29. Bf1 Qd8 30. Kh2 g6
31. b4 Qf6 32. Be2 Qf4+ 33. g3 Qf2#
0-1

[Event "BAFDAG I"]
[Site "SchemingMind.com"]
[Date "2024.06.07"]
[Round "-"]
[White "eliecercruzr"]
[Black "Kenny Elliott"]
[Result "1-0"]
[WhiteCountry "CUB"]
[BlackCountry "USA"]
[WhiteElo "2429"]
[WhiteRD "66"]
[BlackElo "1448"]
[BlackRD "68"]
[GameID "745092"]

1. e4 e5 2. d4 d6 3. dxe5 dxe5 4. Qxd8+ Kxd8 5. Bc4 Ke8 6. Be3 Nf6 7. f3 Nc6 8. a3 Bd6 9. Ne2 Ke7 10. Nd2 Be6
11. a4 Bxc4 12. Nxc4 Rhd8 13. c3 a6 14. a5 h6 15. Nc1 b5 16. axb6 Rab8 17. bxc7 Bxc7 18. Rxa6 Ra8 19. Rxc6 Ba5 20. b4 Bxb4
21. cxb4 Ra1 22. Nxe5 Nd7 23. Rc7 f6 24. Nc6+ Kd6 25. Nxd8 Kxc7 26. Ne6+ Kc8 27. Nxg7 Nb6 28. O-O
1-0

[Event "BAFDAG I"]
[Site "SchemingMind.com"]
[Date "2024.06.07"]
[Round "-"]
[White "Derek Price"]
[Black "Geoffrey Rosser"]
[Result "1-0"]
[WhiteCountry "ENG"]
[BlackCountry "ENG"]
[WhiteElo "2422"]
[WhiteRD "66"]
[BlackElo "1901"]
[BlackRD "66"]
[GameID "745093"]

1. c4 Nf6 2. g3 d5 3. cxd5 Qxd5 4. Nf3 e5 5. Nc3 Qc6 6. Bg2 Bd6 7. O-O Qd7 8. d4 exd4 9. Nxd4 O-O 10. Ndb5 Nc6
11. Nxd6 Qxd6 12. Qxd6 cxd6 13. Bg5 Ne8 14. Bxc6 bxc6 15. Be7 Nf6 16. Bxf8 Kxf8 17. Rad1 Ke7 18. f3 Rb8 19. b3 Bh3 20. Rfe1 Bf5
21. e4 Be6 22. e5 dxe5 23. Rxe5 Nd7 24. Re3 f6 25. Ne2 Kf7 26. Nf4 Nf8 27. Nxe6
1-0